00707nam a22002657a 4500003000500000005001700005008004100022010001100063011001100074035001100085040000900096082002300105100002000128245007300148250001000221260003800231300002300269500003400292650002500326650001200351650001400363650002300377700001900400700002200419CHAP20220329143725.0110414s1979 ag r 00010 spa d a100947 a101919 a112607 cCHAP00a581.634bT97y 197900aTyler, Varro E.10aFarmacognosiac/por Varro E. Tyler, Lynn R. Brady y James E. Robbers a2 ed. aBuenos Aires :bEl ateneo,cc1979 ax, 459 p. :bilus. aTrad. de la 7 ed. en inglés14aBotánica médica.14aDrogas.14aMedicina.14aQuímica vegetal.1 aBrady, Lynn R.1 aRobbers, James E.